Statistics for Name Turin's districts

Click here to take the quiz!

General Stats

  • This quiz has been taken 9 times
  • The average score is 21 of 34

Answer Stats

NAnswer% Correct
1Centro
100%
2Crocetta
100%
28San Salvario
100%
17Barriera di Milano
88%
3Santa Rita
88%
25Vanchiglia
88%
8Cit Turin
75%
32Lingotto
75%
4Mirafiori Nord
75%
34Mirafiori Sud
75%
26Sassi
75%
16Vallette
75%
30Borgo Po
63%
5Borgo San Paolo
63%
6Cenisia
63%
21Falchera
63%
27Madonna del Pilone
63%
14Madonna di Campagna
63%
12Parella
63%
10San Donato
63%
19Barca
50%
9Borgata Lesna
50%
11Campidoglio
50%
29Cavoretto
50%
15Lucento
50%
24Aurora
38%
20Bertolla
38%
13Borgo Vittoria
38%
33Filadelfia
38%
31Nizza Millefonti
38%
7Pozzo Strada
38%
22Rebaudengo
38%
18Regio Parco
38%
23Villaretto
38%

Score Distribution

Percentile by Number Answered

Percent of People with Each Score

Your Score History

You have not taken this quiz